000 01359nabaa22002177a 4500
999 _c6314
_d6314
003 OSt
005 20260130190337.0
008 190701b xxu||||| |||| 00| 0 spa d
040 _cPJ
100 _96989
_aGrandal, Marcos
245 1 3 _aLa supresión de la figura del pronto despacho en la reconfiguración del silencio administrativo en la Ley Nacional de Procedimiento Administrativo /
_cMarcos Grandal, Camila Kusnier.
300 _ap. 51-59
500 _aCita: TR LALEY AR/DOC/2041/2025
505 _aSumario: I. Introducción.— II. La figura del pronto despacho y el instituto del silencio negativo previo a su modificación por la ley 27.742.— III. Las modificaciones introducidas a la figura del pronto despacho y el instituto del silencio negativo por la ley 27.742. Incorporación del silencio positivo.— IV. Consideraciones sobre el nuevo paradigma del instituto del pronto despacho en el reclamo administrativo previo.— V. Reflexiones finales.
505 _t¿Te interesa el texto completo? Comunicate al correo: koha@justierradelfuego.gov.ar
650 0 _9211
_aDERECHO ADMINISTRATIVO
650 0 _93532
_aSILENCIO DE LA ADMINISTRACIÓN
700 _96992
_aKusnier, Camila
773 0 _02842
_93251
_dBuenos Aires : AbeledoPerrot, 2012-
_oDA121
_tDerecho administrativo. Nº 161 septiembre/octubre 2025
_z18510590
942 _2udc
_cANA